Open Data Biblioteca Nacional de Portugal


República Portuguesa: Ministério da Cultura
Biblioteca Nacional de Portugal

Catálogo da BNP: acesso por Identificadores Unívocos
Registos Bibliográficos associados ao registo de autoridade

Etiqueta de registo: 00254nam 2200025 450
001 2284279
003 http://id.bnportugal.gov.pt/bib/catbnp/2284279
100 ## $a20260414d2025 k y0pory01030103ba
101 0# $apor$deng
102 ## $aPT
105 ## $aa m 000yy
106 ## $ar
200 1# $aJustiça intergeracional e inteligência artificial$eda soberania dos vivos à dos algoritmos?$eliberdade de expressão entre Cila e Caríbdis$fSergio Paulo de Abreu Martins Teixeira$gorient. Suzana Maria Calvo Loureiro Tavares da Silva
210 #9 $aCoimbra$c[s.n.],$d2025
215 ## $a651 p.$cil.$d30 cm
328 #1 $aTese dout. Direito (Direito Público), Faculdade de Direito da Universidade de Coimbra, 2025
700 #1 $aTeixeira,$bSergio Paulo de Abreu Martins$31995571
702 #1 $aSilva,$bSusana Tavares da,$f1973-$4727$31160787
801 #0 $aPT$bBN$gRPC
966 ## $lBN$mFGMON$x1
971 ## $cisantos$d20260414

OpendataBNP@bnportugal.pt | Mais informação sobre acesso aos dados BNP